Profitability and technical efficiency of boro rice cultivation in some selected areas of netrokona district / (Record no. 16780)

MARC details
000 -LEADER
fixed length control field 01116nam a22002657a 4500
001 - CONTROL NUMBER
control field BD-DhSAU 7469
003 - CONTROL NUMBER IDENTIFIER
control field BD-DhSAU
005 - DATE AND TIME OF LATEST TRANSACTION
control field 20230413100552.0
008 - FIXED-LENGTH DATA ELEMENTS--GENERAL INFORMATION
fixed length control field 150422b2006 bg ||||| m||m 00| 0 eng d
040 ## - CATALOGING SOURCE
Original cataloging agency BD-DhSAU
082 ## - DEWEY DECIMAL CLASSIFICATION NUMBER
Edition number 22
Classification number 338.1
Item number R6699
100 ## - MAIN ENTRY--PERSONAL NAME
Personal name RONY, MARJIA AKTER
Relator term Registration No. # 15-06857
245 ## - TITLE STATEMENT
Title Profitability and technical efficiency of boro rice cultivation in some selected areas of netrokona district /
Remainder of title MS thesis
260 ## - PUBLICATION, DISTRIBUTION, ETC. (IMPRINT)
Place of publication, distribution, etc. Sher-e- Bangla Agricultural University:
Name of publisher, distributor, etc. Department of Agricultural Economics,
Date of publication, distribution, etc. 2021.
300 ## - PHYSICAL DESCRIPTION
Extent ix, 59 p.:
Other physical details 30 cm.
500 ## - GENERAL NOTE
General note MS thesis of Department of Agricultural Economics, Faculty of Agri Business , Sher-e-Bangla Agricultural University, Dhaka, Bangladesh
590 ## - Name of Cataloguer
Name of Cataloger Namul
650 ## - SUBJECT ADDED ENTRY--TOPICAL TERM
Topical term or geographic name as entry element technical efficiency
651 ## - SUBJECT ADDED ENTRY--GEOGRAPHIC NAME
Geographic name boro rice cultivation
654 ## - SUBJECT ADDED ENTRY--FACETED TOPICAL TERM
Focus term netrokona district
700 ## - ADDED ENTRY--PERSONAL NAME
Personal name Prof. Dr. Rokeya Begum
Relator term Superviser
700 ## - ADDED ENTRY--PERSONAL NAME
Personal name Assico. Prof. Dr. Ripon Kumar Mondal
Relator term Co-Superviser
856 ## - ELECTRONIC LOCATION AND ACCESS
Uniform Resource Identifier <a href="http://archive.saulibrary.edu.bd:8080/xmlui/handle/123456789/4867">http://archive.saulibrary.edu.bd:8080/xmlui/handle/123456789/4867</a>
942 ## - ADDED ENTRY ELEMENTS (KOHA)
Source of classification or shelving scheme Dewey Decimal Classification
Koha item type MS Level Thesis
Holdings
Withdrawn status Lost status Source of classification or shelving scheme Damaged status Not for loan Collection code Home library Branch Name Date acquired Total Checkouts Full call number Barcode Date last seen Price effective from Koha item type
    Dewey Decimal Classification   Not For Loan Reference SAU Library SAU Library 13/04/2023   338.1 R6699 44538 13/04/2023 13/04/2023 MS Level Thesis